- Abstracción
Entrada Materia
Número de registros utilizados en: 8
001 - NÚMERO DE CONTROL DEL REGISTRO
- campo de control: 17927
003 - IDENTIFICADOR DE NUMERO DE CONTROL
- campo de control: UPN
005 - FECHA Y HORA DE LA ÚLTIMA TRANSACCIÓN
- campo de control: 20221011121243.0
008 - DATOS DE LONGITUD FIJA
- campo de control de longitud fija: 220817n||acznnbabn | ana |d
010 ## - NÚMERO DE CONTROL DE LA BIBLIOTECA DEL CONGRESO (LC)
- LC control number: sh 85000258
035 ## - NÚMERO DE CONTROL DEL SISTEMA
- Número de control del sistema: UPN10000017935
040 ## - FUENTE DE LA CATALOGACIÓN
- Centro catalogador de origen: DLC
- Lengua de catalogación: spa
- Agencia de transcripción: UPN
046 ## - FECHAS CON CODIFICACIÓN ESPECIAL
- Fecha final para contenidos agregados: 2022
053 ## - NÚMERO CLASIFICADOR - BIBLIOTECA DEL CONGRESO (LC)
- Elemento numérico de la clasificación - Número único o no. inicial del rango: BD235
- Frase explicativa: Epistemología
053 ## - NÚMERO CLASIFICADOR - BIBLIOTECA DEL CONGRESO (LC)
- Elemento numérico de la clasificación - Número único o no. inicial del rango: BF443
- Elemento numérico de la clasificación - Número único o no. final del rango: BF443.5
- Frase explicativa: Psicología
150 ## - ENCABEZAMIENTO - TEMÁTICO
- Término de materia o nombre geográfico como elemento inicial: Abstracción
450 ## - VÉASE - MATERIA
- Encabezamiento temático: Pensamiento abstracto
450 #0 - VÉASE - MATERIA
- Encabezamiento temático: Abstraction
550 ## - VÉASE ADEMÁS - MATERIA
- Subcampo de control: g
- Encabezamiento temático o nombre geográfico como elemento de entrada: Cognición
550 ## - VÉASE ADEMÁS - MATERIA
- Subcampo de control: g
- Encabezamiento temático o nombre geográfico como elemento de entrada: Lógica
550 ## - VÉASE ADEMÁS - MATERIA
- Subcampo de control: g
- Encabezamiento temático o nombre geográfico como elemento de entrada: Pensamiento
670 ## - FUENTE EN LA QUE SE LOCALIZARON DATOS
- Cita de la fuente: Biblioteca del Congreso (Estados Unidos), 18 noviembre 2010 :
- Información localizada: Catálogo electrónico (Abstraction)
750 #0 - ASIENTO LIGADO AL ENCABEZAMIENTO - TÉRMINO TEMÁTICO
- Encabezamiento temático: Abstraction
- Número de control del registro: sh 85000258
902 ## - CATALOGADOR
- Catalogador: BDV/BDV/OGM